Rear Window Movie - Statistics

General Stats
  • This quiz has been taken 19 times
  • The average score is 8 of 18
Answer Stats
Hint Answer % Correct
Year Released {1954}
93%
Director {Alfred} {Hitchcock}
93%
Actress of Lisa {Grace} {Kelly}
86%
Actor of L.B. Jefferies {James} {Stewart}
79%
Which of Jeff's Legs is Broken? {Left}
79%
What Season is it? {Summer}
79%
Colour Miss Lonelyhearts Wears {Green}
64%
Jeff's Nurse {Stella}
43%
Town of the Setting {Greenwich} Village
36%
The Murderer Lars {Thorwald}
36%
What Lisa Steals A {Wedding} {Ring}
29%
Cause of Newlyweds Argument He Lost his {Job}
29%
Lisa's Full Name Lisa {Carol} {Freemont}
29%
What does the Dog Dig up? {Flowers}
21%
The Price of Lisa's Dress ${11,000}
7%
Punishment for a Peeping Tom {6} {Months} in the workhouse
7%
Jeff Describes the Scupture as this A {Hearing}-{Aid}
0%
Author of the Book which Inspired the Movie {Cornell} {Woolrich}
0%
No matching quizzes found
Score Distribution
Percent of People with Each Score
Percentile by Number Answered
Your Score History
You have not taken this quiz